[Event "Bochum-ch"]
[Site "Bochum"]
[Date "2001.12.17"]
[Round "9"]
[White "Fieberg, Norbert"]
[Black "Muehlinghaus, Bernd"]
[Result "1/2-1/2"]
[WhiteElo "1765"]
[BlackElo "1778"]
[PlyCount "30"]
[EventDate "2001.10.22"]
[EventType "swiss"]
[EventRounds "9"]
[EventCountry "GER"]
[SourceTitle "EXT 2006"]
[Source "ChessBase"]
[SourceDate "2005.11.24"]
[SourceVersion "1"]
[SourceVersionDate "2005.11.24"]
[SourceQuality "1"]

1. d4 d5 2. Nf3 Nf6 3. Bg5 e6 4. e3 Be7 5. Nbd2 Nbd7 6. Bd3 0-0 7. 0-0 c5 8. c3 h6 9. Bh4 b6 10. Re1 Bb7 11. Qe2 Ne4 12. Bxe7 Qxe7 13. Nf1 f5 14. N3d2 Qf7 15. f3 Nxd2 1/2-1/2

[Event "Bochum-ch"]
[Site "Bochum"]
[Date "2001.11.26"]
[Round "6"]
[White "Schreck, Roland"]
[Black "Muehlinghaus, Bernd"]
[Result "1-0"]
[WhiteElo "2109"]
[BlackElo "1778"]
[PlyCount "78"]
[EventDate "2001.10.22"]
[EventType "swiss"]
[EventRounds "9"]
[EventCountry "GER"]
[SourceTitle "EXT 2006"]
[Source "ChessBase"]
[SourceDate "2005.11.24"]
[SourceVersion "1"]
[SourceVersionDate "2005.11.24"]
[SourceQuality "1"]

1. g3 d5 2. Bg2 Nf6 3. d3 g6 4. f4 Bg7 5. Nf3 0-0 6. 0-0 c5 7. h3 d4 8. Na3 Nd5 9. Qe1 Nc6 10. Bd2 f5 11. Rb1 e5 12. Nxe5 Nxe5 13. fxe5 Bxe5 14. Nc4 Bb8 15. e4 dxe3 16. Nxe3 Nf6 17. Nc4 Bc7 18. Be3 Re8 19. Qf2 Rb8 20. Bxc5 b6 21. Bd4 Bxg3 22. Qxg3 Qxd4+ 23. Qf2 Qxf2+ 24. Kxf2 Be6 25. Nd6 Red8 26. Nb5 Rbc8 27. Nc3 Nd5 28. Bxd5 Bxd5 29. Rbe1 Rc7 30. Re5 Rcd7 31. Rfe1 Bf7 32. a4 Kf8 33. Ra1 Rd4 34. a5 Rf4+ 35. Kg3 g5 36. axb6 axb6 37. Ne2 Rb4 38. Rxf5 Rxb2 39. Ra7 Rxc2 1-0

[Event "Bochum-ch"]
[Site "Bochum"]
[Date "2001.11.19"]
[Round "5"]
[White "Muehlinghaus, Bernd"]
[Black "Kapp, Wolfgang"]
[Result "1-0"]
[WhiteElo "1778"]
[BlackElo "1542"]
[PlyCount "43"]
[EventDate "2001.10.22"]
[EventType "swiss"]
[EventRounds "9"]
[EventCountry "GER"]
[SourceTitle "EXT 2006"]
[Source "ChessBase"]
[SourceDate "2005.11.24"]
[SourceVersion "1"]
[SourceVersionDate "2005.11.24"]
[SourceQuality "1"]

1. e4 c5 2. Nf3 e6 3. d4 cxd4 4. Nxd4 a6 5. c4 Qb6 6. Nb3 Bb4+ 7. Nc3 Bxc3+ 8. bxc3 Qc7 9. Ba3 b5 10. Bd6 Qb7 11. Qd4 Nf6 12. Bd3 Nc6 13. Qe3 e5 14. 0-0 Qa7 15. c5 Kd8 16. Qg5 Rg8 17. f4 h6 18. Qh4 exf4 19. Qxf4 Re8 20. e5 Nd5 21. Qxf7 Re7 22. Qxe7+ 1-0

[Event "Bochum-ch"]
[Site "Bochum"]
[Date "2001.11.12"]
[Round "4"]
[White "Jellinghaus, Lars"]
[Black "Muehlinghaus, Bernd"]
[Result "1-0"]
[WhiteElo "2214"]
[BlackElo "1778"]
[PlyCount "105"]
[EventDate "2001.10.22"]
[EventType "swiss"]
[EventRounds "9"]
[EventCountry "GER"]
[SourceTitle "EXT 2006"]
[Source "ChessBase"]
[SourceDate "2005.11.24"]
[SourceVersion "1"]
[SourceVersionDate "2005.11.24"]
[SourceQuality "1"]

1. d4 d5 2. c4 e6 3. Nc3 Nf6 4. cxd5 exd5 5. Bg5 Be7 6. e3 0-0 7. Bd3 h6 8. Bh4 Nbd7 9. Nf3 c5 10. 0-0 b6 11. Rc1 Bb7 12. Bb1 Re8 13. Qc2 Ne4 14. Bxe7 Qxe7 15. Rfd1 Ndf6 16. dxc5 bxc5 17. Nxe4 Nxe4 18. Nd2 d4 19. Nxe4 Bxe4 20. Qxe4 Qxe4 21. Bxe4 Rxe4 22. Rxc5 dxe3 23. fxe3 Rxe3 24. Rc7 Re2 25. Rdd7 Rf8 26. Rxa7 Rxb2 27. h3 g6 28. a4 Kg7 29. a5 Ra2 30. Rd3 Kg8 31. Rf3 Kg7 32. Rf2 Rxf2 33. Kxf2 Re8 34. Rb7 Re6 35. Kf3 Re5 36. a6 Kf6 37. a7 Ra5 38. Ke4 Ke6 39. Kd4 Kd6 40. Rxf7 Ra4+ 41. Kc3 Ke6 42. Rh7 h5 43. Kb3 Ra1 44. Kb4 h4 45. Kb5 Kf5 46. Rc7 Kf4 47. Rc4+ Kg3 48. Ra4 Rxa4 49. Kxa4 Kxg2 50. a8Q+ Kxh3 51. Qf3+ Kh2 52. Qf2+ Kh3 53. Qg1 1-0

[Event "Bochum-ch"]
[Site "Bochum"]
[Date "2001.10.29"]
[Round "2"]
[White "Muehlinghaus, Bernd"]
[Black "Salin, Armin"]
[Result "1-0"]
[WhiteElo "1778"]
[BlackElo "1649"]
[PlyCount "52"]
[EventDate "2001.10.22"]
[EventType "swiss"]
[EventRounds "9"]
[EventCountry "GER"]
[SourceTitle "EXT 2006"]
[Source "ChessBase"]
[SourceDate "2005.11.24"]
[SourceVersion "1"]
[SourceVersionDate "2005.11.24"]
[SourceQuality "1"]

1. e4 c5 2. Nf3 Nc6 3. d4 cxd4 4. Nxd4 a6 5. c4 e6 6. Nc3 Bb4 7. a3 Bxc3+ 8. bxc3 Nge7 9. Be3 0-0 10. c5 Qa5 11. Qd2 Rd8 12. Nb3 Qa4 13. Qc2 d5 14. cxd6 Rxd6 15. Bc5 Rd7 16. Bb6 Ne5 17. c4 N7c6 18. Qc3 Ne7 19. Nc5 Qc6 20. Nxd7 Qxe4+ 21. Qe3 Qxe3+ 22. fxe3 Bxd7 23. Be2 Bc6 24. 0-0 Kf8 25. Bc5 Rc8 26. Bd6 Ke8 1-0